MARC details
| 000 -CABECERA |
| campo de control de longitud fija |
02098nam a2200265 a 4500 |
| 001 - NÚMERO DE CONTROL |
| campo de control |
000003900 |
| 003 - IDENTIFICADOR DEL NÚMERO DE CONTROL |
| campo de control |
DO-SdBNP |
| 005 - FECHA Y HORA DE LA ÚLTIMA TRANSACCIÓN |
| campo de control |
20260321073638.0 |
| 008 - DATOS DE LONGITUD FIJA--INFORMACIÓN GENERAL |
| campo de control de longitud fija |
090715s2005 dr r 001 0 spa d |
| 020 ## - NÚMERO INTERNACIONAL ESTÁNDAR DEL LIBRO |
| Número Internacional Estándar del Libro |
9945406094 |
| 040 ## - FUENTE DE LA CATALOGACIÓN |
| Centro catalogador/agencia de origen |
DO-SdBNP |
| Lengua de catalogación |
spa |
| Centro/agencia transcriptor |
BNPHU |
| 082 ## - NÚMERO DE LA CLASIFICACIÓN DECIMAL DEWEY |
| Número de clasificación |
972.93053 |
| Número de documento/Ítem |
B742tr, 1998 |
| 100 1# - ENTRADA PRINCIPAL--NOMBRE DE PERSONA |
| Nombre de persona |
Bosch, Juan, |
| Fechas asociadas al nombre |
1909-2001 |
| 9 (RLIN) |
76555 |
| 245 10 - MENCIÓN DE TÍTULO |
| Título |
Trujillo : |
| Resto del título |
causas de una tiranía sin ejemplo / |
| Mención de responsabilidad, etc. |
Juan Bosch. |
| 250 ## - MENCIÓN DE EDICIÓN |
| Mención de edición |
7ª ed. |
| 260 ## - PUBLICACIÓN, DISTRIBUCIÓN, ETC. |
| Lugar de publicación, distribución, etc. |
Santo Domingo : |
| Nombre del editor, distribuidor, etc. |
Secretaría de Estado de Educación ; |
| -- |
Fundación Juan Bosch ; |
| -- |
Organización para el Fomento del Desarrollo del Pensamiento dela República Dominicana, |
| Fecha de publicación, distribución, etc. |
2005. |
| 300 ## - DESCRIPCIÓN FÍSICA |
| Extensión |
190 p. ; |
| Dimensiones |
21 cm. |
| 500 ## - NOTA GENERAL |
| Nota general |
El número de edición difiere del consecutivo que le corresponde según el año de publicación de la obra |
| 500 ## - NOTA GENERAL |
| Nota general |
La biblioteca posee la reimpresión de la 7ª edición del 2005 |
| 505 0# - NOTA DE CONTENIDO CON FORMATO |
| Título |
Dedicatoria -- |
| -- |
Prólogo a la segunda edición -- |
| -- |
Introducción -- |
| -- |
El origen psicológico -- |
| -- |
Origen de la deformación social dominicana -- |
| -- |
La sociedad colonial y la psicología de Trujillo -- |
| -- |
Trujillo y la división en gente de primera y gente de segunda -- |
| -- |
La venganza de un hombre de segunda -- |
| -- |
EL origen biológico -- |
| -- |
El abandono de La Española: sus consecuencias para el país -- |
| -- |
La isla dividida: nacimiento de Haití -- |
| -- |
La arritmia histórica dominicana -- |
| -- |
La simiente materna de Trujillo llegó con la Ocupación Haitiana de 1822 -- |
| -- |
Nacimiento de Trujillo bajo el signo de la tiranía -- |
| -- |
De las luchas civiles a la Ocupación Norteamerica de 1916 -- |
| -- |
Trujillo: fruto de tres invasiones militares -- |
| -- |
La conquista del poder político -- |
| -- |
La empresa capitalista llamada República Dominicana -- |
| -- |
De dictador a propietario del país -- |
| -- |
El gobierno al servicio de la empresa -- |
| -- |
Psicología de los dominicanos -- |
| -- |
Epílogo -- |
| -- |
Conclusiones -- |
| -- |
Post Scriptum. |
| 600 10 - PUNTO DE ACCESO ADICIONAL DE MATERIA--NOMBRE DE PERSONA |
| Nombre de persona |
Trujillo Molina, Rafael Leónidas, |
| Fechas asociadas al nombre |
1891-1961 |
| 9 (RLIN) |
76764 |
| 651 10 - PUNTO DE ACCESO ADICIONAL DE MATERIA--NOMBRE GEOGRÁFICO |
| Nombre geográfico |
República Dominicana |
| Subdivisión general |
Historia |
| Subdivisión cronológica |
Descubrimiento y conquista, 1492-1503 |
| 9 (RLIN) |
255 |
| 910 ## - DATOS DE OPCIÓN DEL USUARIO (OCLC) |
| Datos de opción del usuario |
Validado. Control de calidad. MFF |
| 942 ## - ELEMENTOS DE PUNTO DE ACCESO ADICIONAL (KOHA) |
| Fuente del sistema de clasificación o colocación |
Dewey Decimal Classification |
| Tipo de ítem Koha |
Libro |